000 01229cam a22002891i 4500
003 SA-RiAUC
005 20250430082842.0
008 250427s1998 jo f b 00000 ara c
040 _aSA-RiAUC
_bara
_cSA-RiAUC
_erda
050 4 _b.A4 1998
082 0 4 _a254
_qSA-RiAUC
090 _a254
_b ع م ر
100 1 _aعمرو، عبد الفتاح عايش عبد الفتاح
_eمؤلف.
245 1 2 _aالسياسة الشرعية في الأحوال الشخصية /
_cتأليف عبد الفتاح عمرو.
250 _aالطبعة الأولى.
264 1 _aعمان، الأردن :
_bدار النفائس للنشر والتوزيع،
_c1998
300 _a319 صفحة ؛
_c24 سم
336 _aنص
_btxt
_2rdacontent
_3كتاب
337 _aبدون وسيط
_bn
_2rdamedia
338 _aمجلد
_bnc
_2rdacarrier
500 _aالأصل أطروحة (دكتوراه)-الجامعة الأردنية، كلية الدراسات العليا.
504 _aببليوجرافية : صفحة 301-312.
650 7 _aالأحوال الشخصية للمسلمين
_2aucsh
650 7 _aالشريعة الإسلامية
_2aucsh
942 _2ddc
_cBOOK
_n0
949 _aSA-JeALM
_d250427
_umohamedma123
_n1
999 _c7479
_d7479